| 000 | 01113cam a22003014a 4500 | ||
|---|---|---|---|
| 999 |
_c28962 _d28933 |
||
| 001 | 13894856 | ||
| 003 | EG-ScBUE | ||
| 005 | 20201020093054.0 | ||
| 008 | 050310s2005 ii a f 001 0 eng d | ||
| 020 | _z817722610X | ||
| 040 |
_aDLC _beng _erda _cDLC _dDLC _dEG-ScBUE |
||
| 082 | 0 | 4 |
_a004.16 _bBAI _222 |
| 100 | 1 |
_aBailey, Oliver, _eauthor. |
|
| 245 | 1 | 0 |
_aEmbedded systems design / _cOliver H. Bailey. |
| 264 | 1 |
_aNew Delhi : _bDreamtech Press, _c2005. |
|
| 300 |
_axix, 472 pages : _billustrations ; _c23 cm |
||
| 336 |
_2rdacontent _atext _btxt |
||
| 337 |
_2rdamedia _aunmediated _bn |
||
| 338 |
_2rdacarrier _avolume _bnc |
||
| 500 | _aIncludes index. | ||
| 650 | 7 |
_aEmbedded computer systems. _2BUEsh |
|
| 653 |
_bMASIICCSS _cOctober2020 |
||
| 655 |
_vReading book _934232 |
||
| 856 | 4 | 1 |
_3Table of contents _uhttp://www.loc.gov/catdir/toc/ecip059/2005006854.html |
| 906 |
_a7 _bcbc _corignew _d1 _eecip _f20 _gy-gencatlg |
||
| 942 |
_2ddc _cBB |
||